| 000 | 00801nam a2200277Ia 4500 | ||
|---|---|---|---|
| 003 | OSt | ||
| 005 | 20220927105247.0 | ||
| 006 | a|||||r|||| 00| 0 | ||
| 007 | ta | ||
| 008 | 220926b |||||||| |||| 00| 0 eng d | ||
| 020 | _a0567027708 | ||
| 024 | _a148978 | ||
| 037 | _cReference Collections | ||
| 040 |
_aRTL _cRTL _beng |
||
| 041 |
_2eng _aeng |
||
| 082 | _a"Y9(Q6), P5" | ||
| 100 |
_aMiller Patrick D Ed. _9371343 |
||
| 245 | 0 | _aIn search of the common good | |
| 260 |
_aNew _bYork T & T Clark _c2005 |
||
| 300 |
_a"vii, 360p" _ccm. |
||
| 490 | _aTheology for the Twenty-First Century | ||
| 650 | _aSociology | ||
| 700 |
_a McCann Dennis P Ed. _9371344 |
||
| 942 |
_h"Y9(Q6), P5" _cCC |
||
| 999 |
_c691552 _d691552 |
||